000 00909nam a2200313Ia 4500
001 Para_10201
003 CHAP
008 220125s2014 xx 000 0 und d
010 _a208885
020 _a978 - 968 -418 - 064 - 2
040 _cCHAP
082 _aPA 599.9 H69 2014
100 _aHowell, Clark
_9175199
245 _aEl hombre Prehistorico /
_c Clark Howell; traducción Agustín Bárcena
250 _a2
260 _aMéxico :
_b Ediciones culturales internacionales
300 _a200 p.
440 _aColección de la naturaleza de Time - Life
_9175107
500 _aTítulo original: Early Man
650 _aHombre prehistórico
_956044
700 _aI.Bárcena, Agustín, tr.
901 _aPA 599.9 H69 2014
902 _aA
905 _a5222202014 a 7000000300 06
910 _a2014
942 _cPARA
942 _cPARA
_d1
999 _c208885
_d208885